| 000 | 01164 a2200241 4500 | ||
|---|---|---|---|
| 001 | 30175 | ||
| 005 | 20260407155613.0 | ||
| 008 | 260407a2010 arg spa d | ||
| 003 | AR-UNSa-BCEJYS | ||
| 040 |
_aAR-UNSa-BCEJYS _bspa _cAR-UNSa-BCEJYS |
||
| 080 |
_a004 _xCiencia y tecnología de los ordenadores. Informática |
||
| 245 | 1 | 0 |
_aCiencia, tecnología e innovación en América Latina y el Caribe _pun compendio estadístico de indicadores |
| 264 | 1 |
_aWashington : _bBanco Interamericano de Desarrollo _c2010 |
|
| 300 |
_a115 p. _c27 cm. |
||
| 505 | _a1. Capital humano y conocimiento - 2. Innovación, productividad y desempeño económico - 3. Innovación en las empresas - 4. Política, gerencia y estructura institucional del apoyo a la innovación - 5. Tecnología de la información y comunicación (TIC) | ||
| 041 | _aspa | ||
| 942 | _cBK | ||
| 590 | _aniveau_biblio:m niveau_hierar:0 | ||
| 100 | 1 | _aCrespi, Gustavo | |
| 700 | 1 | _aNavarro, Juan Carlos | |
| 700 | 1 | _aZuñiga, Pluvia | |
| 856 | 4 | 1 |
_uhttps://biblioeco.unsa.edu.ar/pmb/images/libros/Ciencia, tecnologia e innovacion en america latina y caribe-l125077.jpg _yImagen de portada _qimage/jpeg |
| 999 |
_c2043 _d2043 |
||